Statistiken für Beliebteste Hunderassen in Deutschland

Klicken Sie hier um das Quiz zu spielen!

Allgemein

  • Dieses Quiz wurde 525 mal gespielt
  • Das Durchschnittsergebnis liegt bei 7 aus 25

Antwortstatistiken

Hunderasse% Korrekt
Golden Retriever
83%
Labrador Retriever
77%
Deutsche Dogge
74%
Pudel
73%
Mops
58%
Chihuahua
53%
Dalmatiner
49%
Dobermann
33%
Border Collie
30%
Rottweiler
30%
Französische Bulldogge
27%
Australian Shepherd
23%
Cavalier King Charles Spaniel
23%
Staffordshire Bull Terrier
12%
Miniature Bull Terrier
11%
Bull Terrier
10%
Rhodesian Ridgeback
8%
American Staffordshire Terrier
7%
West Highland White Terrier
7%
Hovawart
4%
Bordeauxdogge
2%
Tibet Terrier
2%
Bullmastiff
1%
Cane Corso
1%
Dogo Argentino
0%

Verteilung der Resultate

Perzentil nach korrekt beantworteten Fragen

Anzahl Personen mit jedem Resultat

Ihre Resultats-Entwicklung

Sie haben dieses Quiz noch nicht gespielt